LEADER 01543nam 2200349 n 450 001 996388139203316 005 20221108042948.0 035 $a(CKB)1000000000632608 035 $a(EEBO)2248496794 035 $a(UnM)99865636 035 $a(EXLCZ)991000000000632608 100 $a19940222d1651 uy | 101 0 $aeng 135 $aurbn||||a|bb| 200 10$aDarkness discovered. Or The Devils secret stratagems laid open$b[electronic resource] $eWhereby he labors to make havock of the people of God, by his wicked and damnable designs for destroying the kingdom of Christ. Wherein is contained an exquisite method of disputation about religion, and putting an end to all controversies in matters of conscience. /$fWritten by Jacobus Acontius. Together with the testimony of some ancient and modern divines concerning the same 210 $aLondon $cPrinted by J.M. and are to be sold by William Ley at Pauls Chain, neer the Doctors Commons$d1651 215 $a[14], 36 [i.e. 136] p 300 $aFInal page misnumnered 36. 300 $aAnnotation on Thomason copy: "July 7th". 300 $aReproduction of the original in the British Library. 330 $aeebo-0018 606 $aDevil$vEarly works to 1800 615 0$aDevil 700 $aAconcio$b Iacopo$fd. 1566.$0163525 801 0$bCu-RivES 801 1$bCu-RivES 801 2$bCStRLIN 801 2$bWaOLN 906 $aBOOK 912 $a996388139203316 996 $aDarkness discovered. Or The Devils secret stratagems laid open$92390126 997 $aUNISA LEADER 01714nam0 2200397 i 450 001 TO00552071 005 20231121125838.0 010 $a8846401174 020 $aIT$b97-7596 100 $a20130620d1997 ||||0itac50 ba 101 | $aita 102 $ait 181 1$6z01$ai $bxxxe 182 1$6z01$an 200 1 $aCon animo di liberale$ePiero Gobetti e i popolari$ecarteggi 1918-1926$fa cura di Bartolo Gariglio$gpresentazione di Gabriele De Rosa 210 $aMilano$cF. Angeli$d\1997! 215 $a330 p.$d22 cm. 225 | $aCentro studi Piero Gobetti$v10 410 0$1001CFI0023212$12001 $aCentro studi Piero Gobetti$v10$171202$aCentro studi Piero Gobetti$3CFIV013280 606 $aGOBETTI, PIERO$xLETTERE E CARTEGGI$x1918-1926$2FIR$3MILC054422$9I 676 $a320.513092$9LIBERALISMO PROGRESSISTA. Persone$v20 700 1$aGobetti$b, Piero$3CFIV006307$4070$0162880 702 1$aDe Rosa$b, Gabriele$f <1917-2009>$3CFIV009595 702 1$aGariglio$b, Bartolo$3CFIV038973 790 1$aBaretti$b, Giuseppe$f <1901-1926>$3LIGV023364$zGobetti, Piero 790 1$aCianda$b, Luciano$3IEIV039402$zDe Rosa, Gabriele <1917-2009> 790 1$aDella Porta$b, Mario$3IEIV039474$zDe Rosa, Gabriele <1917-2009> 790 1$aGariglio$b, Bartolomeo$3MILV252078$zGariglio, Bartolo 801 3$aIT$bIT-01$c20130620 850 $aIT-FR0017 899 $aBiblioteca umanistica Giorgio Aprea$bFR0017 $eN 912 $aTO00552071 950 0$aBiblioteca umanistica Giorgio Aprea$d 52DES 320 Gar.Con.$e 52SBA0000185305 VMB RS $fA $h20150713$i20150713 977 $a 52 996 $aCon animo di liberale$9567286 997 $aUNICAS